Thuốc bảo vệ thực vật
Quyển sách đề cập đến một số hiểu biết cơ bản và những cơ sở khoa học và kỹ thuật dùng thuốc, hướng dẫn cách sử dụng thuốc đạt hiệu quả kinh tế, kỹ thuật và an toàn.
Đã lưu trong:
| 主要作者: | |
|---|---|
| 格式: | 圖書 |
| 語言: | Undetermined |
| 出版: |
Hà Nội
Nông Nghiệp
1992
|
| 主題: | |
| 標簽: |
添加標簽
沒有標簽, 成為第一個標記此記錄!
|
| Thư viện lưu trữ: | Trung tâm Học liệu Trường Đại học Cần Thơ |
|---|
| LEADER | 00922nam a2200217Ia 4500 | ||
|---|---|---|---|
| 001 | CTU_143687 | ||
| 008 | 210402s9999 xx 000 0 und d | ||
| 020 | |b 25000 | ||
| 082 | |a 632.95 | ||
| 082 | |b D513 | ||
| 100 | |a Trần, Quang Hùng | ||
| 245 | 0 | |a Thuốc bảo vệ thực vật | |
| 245 | 0 | |c Trần Quang Hùng | |
| 260 | |a Hà Nội | ||
| 260 | |b Nông Nghiệp | ||
| 260 | |c 1992 | ||
| 520 | |a Quyển sách đề cập đến một số hiểu biết cơ bản và những cơ sở khoa học và kỹ thuật dùng thuốc, hướng dẫn cách sử dụng thuốc đạt hiệu quả kinh tế, kỹ thuật và an toàn. | ||
| 650 | |a Agricultural chemicals,Pesticides,Insecticides,Herbicides | ||
| 650 | |x Application,Application,Application | ||
| 904 | |i Trọng Hiếu | ||
| 980 | |a Trung tâm Học liệu Trường Đại học Cần Thơ | ||